000
00278nam a22001337a 4500
008
170525b xxu||||| |||| 00| 0 eng d
020
_a
0648507012
041
_a
eng
080
_a
004.4
100
_a
26
101
_a
IM
245
_a
ROBOT SENSORS
_c
PUGH.A
942
_2
udc
_c
BK
999
_c
14267
_d
14267